000 00545nam a22001697a 4500
005 20250225125418.0
008 250225b |||||||| |||| 00| 0 eng d
020 _a9780443072086
050 _aRM300
_b.T75
245 _aTrounce's Clinical Pharmacology for Nurses/
_cBen Greenstein. Nursing Adviser; Ben Gould. Foreword by John Trounce
250 _a17th ed.
260 _aEdinburgh
_bChurchill Livingstone
_c2007
300 _axxvii. 459p.
_bill.
_c24.5cm
700 _aGreenstein, Ben
700 _aTrounce, John
942 _2lcc
_cBK
_e17th ed.
_n0
999 _c4317
_d4317